Jupiter's Flags Quiz - Statistics

General Stats
  • This quiz has been taken 14 times
  • The average score is 16 of 26
Answer Stats
Picture Answer % Correct
Jovian Federation
100%
Spykia
80%
Arsenica
60%
Barqueland
60%
Center of Jupiter
60%
Diuæqe
60%
Emchemiën
60%
Fergfezphé
60%
Firqfæsfàjet
60%
Gàlkea
60%
Heuvelstrepen
60%
Ipræmia
60%
Jæèt
60%
Juqioya
60%
Lyublyansk
60%
Múlælqà
60%
Muyæèt
60%
Naqioya
60%
Oxtænia
60%
Parschet
60%
Sèqlæfkis
60%
Southern Spykia
60%
The Archlands
60%
Værodonia
60%
Væsxa
60%
Yestrate
60%
No matching quizzes found
Score Distribution
Percent of People with Each Score
Percentile by Number Answered
Your Score History
You have not taken this quiz